[Event "ESP-chT CECLUB Div2"]
[Site "Linares"]
[Date "2023.08.14"]
[Round "2.18"]
[White "Alvarez Fernandez, Enrique"]
[Black "Ros Alonso, Joana"]
[Result "1-0"]
[WhiteElo "2260"]
[BlackElo "2053"]
[PlyCount "99"]
[EventDate "2023.08.13"]
[EventType "team-swiss"]
[EventRounds "7"]
[EventCountry "ESP"]
[SourceTitle "EXT 2024"]
[Source "ChessBase"]
[SourceDate "2023.10.10"]
[SourceVersion "1"]
[SourceVersionDate "2023.10.10"]
[SourceQuality "1"]
[WhiteTeam "Gijon 64"]
[BlackTeam "Casareno iAcere"]
[WhiteTeamCountry "ESP"]
[BlackTeamCountry "ESP"]

1. d4 Nf6 2. Nf3 g6 3. c4 Bg7 4. Nc3 d5 5. e3 0-0 6. cxd5 Nxd5 7. Bc4 Nxc3 8. bxc3 c5 9. 0-0 Qc7 10. Bb3 Rd8 11. Ba3 b6 12. Ng5 e6 13. Qf3 Qb7 14. dxc5 Qxf3 15. Nxf3 bxc5 16. Bxc5 Bxc3 17. Rac1 Bf6 18. Nd4 Bd7 19. Bd1 Nc6 20. Bf3 Rac8 21. Nb3 Ne5 22. Be2 a6 23. Nd4 Ra8 24. a3 Nc6 25. Bf3 Nxd4 26. Bxd4 Bxd4 27. Bxa8 Bb2 28. Rcd1 Rxa8 29. Rxd7 Bxa3 30. Rb1 a5 31. Rbb7 Rf8 32. Ra7 Bb4 33. g4 g5 34. Kg2 Kg7 35. Kg3 Kg6 36. h4 gxh4+ 37. Kxh4 h6 38. Kg3 Be1 39. Kg2 f5 40. Rg7+ Kf6 41. gxf5 exf5 42. Kf3 Bb4 43. Rgb7 Kg6 44. Ra6+ Kg5 45. Rg7+ Kh5 46. Rh7 Rg8 47. Rhxh6+ Kg5 48. Rh1 Rf8 49. Rg1+ Kh5 50. Kf4 1-0

[Event "Catalunya-ch (Women)"]
[Site "Llinars del Valles"]
[Date "2022.10.31"]
[Round "6"]
[White "Molinero Gomez, Sandra"]
[Black "Ros Alonso, Joana"]
[Result "0-1"]
[WhiteElo "1820"]
[BlackElo "2022"]
[PlyCount "102"]
[EventDate "2022.10.28"]
[EventType "tourn"]
[EventRounds "7"]
[EventCountry "ESP"]
[SourceTitle "EXT 2024"]
[Source "ChessBase"]
[SourceDate "2023.10.10"]
[SourceVersion "1"]
[SourceVersionDate "2023.10.10"]
[SourceQuality "1"]

1. d4 Nf6 2. Bf4 g6 3. Nc3 d5 4. h3 Bg7 5. Nf3 0-0 6. Ne5 c5 7. e3 Nc6 8. Be2 Qb6 9. Na4 Qa5+ 10. c3 cxd4 11. Nxc6 bxc6 12. exd4 Nd7 13. 0-0 f6 14. b4 Qd8 15. b5 Bb7 16. Qb3 e5 17. dxe5 fxe5 18. Bg3 Kh8 19. Bg4 cxb5 20. Qxb5 Nb6 21. Nc5 Bc8 22. Ne6 Bxe6 23. Bxe6 Qe8 24. Qxe8 Rfxe8 25. Bg4 h5 26. Be2 Rac8 27. Rac1 e4 28. Bb5 Re6 29. a4 Rc5 30. Bf4 a6 31. Be3 d4 32. cxd4 Rxc1 33. Rxc1 axb5 34. axb5 Kg8 35. Kf1 Kf7 36. Rc7+ Re7 37. Rc6 Nd5 38. Ke2 Rb7 39. Rc5 Rxb5 40. Rc2 Rb4 41. Rc5 Nxe3 42. fxe3 Rb2+ 43. Kf1 Rb3 44. Ke2 Bh6 45. Re5 Rxe3+ 46. Kf2 Kf6 47. g4 Rxh3 48. Rxe4 hxg4 49. Rxg4 Kf5 50. Rg2 Ra3 51. Kg1 Ra1+ 0-1

[Event "Catalunya-ch (Women)"]
[Site "Llinars del Valles"]
[Date "2022.10.29"]
[Round "2"]
[White "Pinyol I Llora, Julia"]
[Black "Ros Alonso, Joana"]
[Result "0-1"]
[WhiteElo "1696"]
[BlackElo "2022"]
[PlyCount "111"]
[EventDate "2022.10.28"]
[EventType "tourn"]
[EventRounds "7"]
[EventCountry "ESP"]
[SourceTitle "EXT 2024"]
[Source "ChessBase"]
[SourceDate "2023.10.10"]
[SourceVersion "1"]
[SourceVersionDate "2023.10.10"]
[SourceQuality "1"]

1. d4 Nf6 2. c4 Nc6 3. Nf3 e6 4. g3 Bb4+ 5. Bd2 Qe7 6. Bg2 0-0 7. 0-0 Bxd2 8. Qxd2 e5 9. d5 Nd8 10. Nc3 d6 11. b4 h6 12. Rfc1 Nh7 13. e4 f5 14. Nh4 Qf6 15. Nxf5 Bxf5 16. exf5 Qxf5 17. Qc2 Qg4 18. Qe4 Qh5 19. h4 g5 20. Qe2 Qf7 21. Ne4 gxh4 22. Qg4+ Qg7 23. Qxh4 Ng5 24. Nxg5 hxg5 25. Qe4 Qf6 26. Rf1 a5 27. c5 axb4 28. Qxb4 Ra6 29. a4 Kg7 30. Rac1 dxc5 31. Rxc5 Rf7 32. Qc4 c6 33. dxc6 Nxc6 34. Bxc6 Rxc6 35. Rxc6 Qxc6 36. Qxc6 bxc6 37. a5 Ra7 38. Ra1 Kf6 39. Kf1 Ke6 40. Ke2 Kd5 41. Kf3 c5 42. Kg4 c4 43. Kxg5 c3 44. Kf6 e4 45. g4 Kd4 46. g5 c2 47. g6 Rxa5 48. Rc1 Kd3 49. g7 Ra8 50. Kf7 Kd2 51. Rxc2+ Kxc2 52. g8Q Rxg8 53. Kxg8 Kd3 54. Kf7 Ke2 55. Ke6 Kxf2 56. Kd5 0-1

[Event "Catalunya-ch (Women)"]
[Site "Llinars del Valles"]
[Date "2022.10.29"]
[Round "3"]
[White "Ros Alonso, Joana"]
[Black "Martin Perez, Laura"]
[Result "1-0"]
[WhiteElo "2022"]
[BlackElo "2070"]
[PlyCount "61"]
[EventDate "2022.10.28"]
[EventType "tourn"]
[EventRounds "7"]
[EventCountry "ESP"]
[SourceTitle "EXT 2024"]
[Source "ChessBase"]
[SourceDate "2023.10.10"]
[SourceVersion "1"]
[SourceVersionDate "2023.10.10"]
[SourceQuality "1"]

1. e4 c5 2. Nf3 d6 3. Bb5+ Nd7 4. a4 a6 5. Bc4 e6 6. a5 Ngf6 7. Nc3 Be7 8. 0-0 0-0 9. d4 cxd4 10. Nxd4 Nc5 11. Qf3 Qc7 12. Be2 Kh8 13. b4 Ncd7 14. Qg3 b5 15. f4 Bb7 16. Bb2 Rg8 17. Bd3 Bf8 18. Nf3 e5 19. Ng5 Nb8 20. fxe5 dxe5 21. Qxe5 Qd7 22. Qf5 h6 23. Qxd7 Nbxd7 24. Nxf7+ Kh7 25. e5+ g6 26. exf6 Bxb4 27. Ne4 Bd5 28. Nfd6 Rgd8 29. Bc3 Bxc3 30. Nxc3 b4 31. Nxd5 1-0

[Event "ESP-chT CECLUB Div2"]
[Site "Linares"]
[Date "2022.08.27"]
[Round "7.2"]
[White "Ros Alonso, Joana"]
[Black "Bernabe Duran, Francisco"]
[Result "0-1"]
[WhiteElo "2039"]
[BlackElo "2196"]
[PlyCount "56"]
[EventDate "2022.08.22"]
[EventType "team-swiss"]
[EventRounds "7"]
[EventCountry "ESP"]
[SourceTitle "CBM 209 Extra"]
[Source "ChessBase"]
[SourceDate "2022.09.30"]
[SourceVersion "1"]
[SourceVersionDate "2022.09.30"]
[SourceQuality "1"]
[WhiteTeam "Tomelloso"]
[BlackTeam "Naxfor Benalmadena"]
[WhiteTeamCountry "ESP"]
[BlackTeamCountry "ESP"]

1. e4 c5 2. Nf3 e6 3. g3 d5 4. exd5 exd5 5. d4 Nc6 6. Bg2 Nf6 7. 0-0 Be7 8. dxc5 0-0 9. Nbd2 Bxc5 10. Nb3 Bb6 11. Bg5 h6 12. Bxf6 Qxf6 13. c3 Rd8 14. Nfd4 a5 15. a4 Ne5 16. Qc2 h5 17. h3 h4 18. g4 Ng6 19. Rae1 Bd7 20. Bxd5 Nf4 21. Bg2 Bc7 22. Qe4 Qd6 23. Nf3 Nxg2 24. Rd1 Qf4 25. Qe2 Bc6 26. Nbd4 Rxd4 27. Rxd4 Bxf3 28. Rxf4 Bxe2 0-1

[Event "ESP-chT CECLUB Div2"]
[Site "Linares"]
[Date "2021.08.13"]
[Round "7.3"]
[White "Hernandez Guerra, Luna Yue"]
[Black "Ros Alonso, Joana"]
[Result "1-0"]
[WhiteElo "1943"]
[BlackElo "1950"]
[PlyCount "99"]
[EventDate "2021.08.09"]
[EventType "team-swiss"]
[EventRounds "7"]
[EventCountry "ESP"]
[SourceTitle "CBM 203 Extra"]
[Source "ChessBase"]
[SourceDate "2021.09.30"]
[SourceVersion "1"]
[SourceVersionDate "2021.09.30"]
[SourceQuality "1"]
[WhiteTeam "La Caja de Vecindario"]
[BlackTeam "Tomelloso"]
[WhiteTeamCountry "ESP"]
[BlackTeamCountry "ESP"]

1. e4 e6 2. d4 d5 3. Nd2 Nf6 4. e5 Nfd7 5. c3 c5 6. f4 Nc6 7. Ndf3 Qb6 8. g3 cxd4 9. cxd4 Bb4+ 10. Kf2 g5 11. Be3 g4 12. Nd2 h5 13. Nb3 f6 14. Qd3 f5 15. Kg2 Nf8 16. Be2 Bd7 17. h3 Rg8 18. Rc1 Kf7 19. Bd2 Be7 20. h4 a5 21. Bc3 Ng6 22. Qd2 Rgc8 23. Na1 Rc7 24. Nc2 Rac8 25. a3 a4 26. Bd3 Ra8 27. Ne2 Na5 28. Bxa5 Rxa5 29. Ne3 Rxc1 30. Rxc1 Bxh4 31. Rh1 Be7 32. Rxh5 Bb5 33. Bxf5 exf5 34. Rxf5+ Ke8 35. Nc3 Bd7 36. Rh5 Qc6 37. Kf2 Nf8 38. f5 Qc8 39. Qe2 Bxa3 40. Ncxd5 Bxb2 41. Nf6+ Kd8 42. Qxb2 a3 43. Qb4 Rc5 44. dxc5 a2 45. Qb6+ Ke7 46. Qd6+ Kf7 47. Qd5+ Be6 48. fxe6+ Qxe6 49. Qxe6+ Nxe6 50. Rh1 1-0

[Event "ESP-chT CECLUB Div2"]
[Site "Linares"]
[Date "2021.08.12"]
[Round "5.7"]
[White "Martinez Soriano, Javier"]
[Black "Ros Alonso, Joana"]
[Result "1/2-1/2"]
[WhiteElo "1884"]
[BlackElo "1950"]
[PlyCount "172"]
[EventDate "2021.08.09"]
[EventType "team-swiss"]
[EventRounds "7"]
[EventCountry "ESP"]
[SourceTitle "CBM 203 Extra"]
[Source "ChessBase"]
[SourceDate "2021.09.30"]
[SourceVersion "1"]
[SourceVersionDate "2021.09.30"]
[SourceQuality "1"]
[WhiteTeam "Beniajan Duochess CAC II"]
[BlackTeam "Tomelloso"]
[WhiteTeamCountry "ESP"]
[BlackTeamCountry "ESP"]

1. e4 e6 2. d4 d5 3. Nc3 Bb4 4. exd5 exd5 5. Bd3 Nf6 6. Nge2 0-0 7. 0-0 c6 8. a3 Bd6 9. Ng3 Qc7 10. Bg5 Nbd7 11. Qf3 a5 12. Rfe1 b6 13. Nf5 Re8 14. Nh6+ gxh6 15. Bxf6 Nxf6 16. Qxf6 Re6 17. Rxe6 fxe6 18. Qxh6 Qg7 19. Qh4 Be7 20. Qh5 Bd7 21. Re1 Rf8 22. Re3 Qf7 23. Qxf7+ Rxf7 24. Ne2 c5 25. c3 b5 26. g3 b4 27. axb4 axb4 28. h4 c4 29. Bb1 Bf8 30. Kg2 Bc8 31. Ng1 Rb7 32. Bc2 Ra7 33. Nf3 b3 34. Bb1 Ra1 35. Re1 Kg7 36. g4 h5 37. gxh5 Kh6 38. Bg6 Rxe1 39. Nxe1 Bd6 40. Nf3 Bf4 41. Kf1 Bc1 42. Ke2 Bxb2 43. Kd2 Ba3 44. Ng5 Kg7 45. Bf7 Be7 46. Bg6 Bd7 47. Kc1 Bd6 48. Kb2 Bf4 49. Nf7 Bd2 50. Ne5 Ba4 51. Nf7 Be1 52. Ne5 Bxf2 53. Ka3 Bb5 54. Kb4 Ba6 55. Bb1 Bxh4 56. Ng4 Bg5 57. Ne5 Bd2 58. Nf3 Bf4 59. Kc5 Kh6 60. Bg6 Bc8 61. Ne5 Kg7 62. Nf3 Kf6 63. Bb1 Bd7 64. Ne5 Be8 65. Nxc4 dxc4 66. Kxc4 b2 67. Kb3 Bc1 68. h6 Bh5 69. h7 Kg7 70. c4 Bf3 71. Kc3 Bc6 72. Kb3 Bb7 73. Kc3 Ba8 74. Kb3 Bh1 75. Kc3 Bg2 76. Kb3 Bf3 77. Kc3 Bc6 78. Kb3 Bb7 79. Kc3 Bf3 80. Kb3 Bd1+ 81. Kc3 Ba4 82. Kb4 Be8 83. Kc3 Bc6 84. Kb3 Be3 85. d5 exd5 86. cxd5 Bxd5+ 1/2-1/2

[Event "ESP-chT CECLUB Div2"]
[Site "Linares"]
[Date "2021.08.12"]
[Round "6.5"]
[White "Ros Alonso, Joana"]
[Black "Briand Rosas, Clara Helena"]
[Result "1-0"]
[WhiteElo "1950"]
[BlackElo "1865"]
[PlyCount "105"]
[EventDate "2021.08.09"]
[EventType "team-swiss"]
[EventRounds "7"]
[EventCountry "ESP"]
[SourceTitle "CBM 203 Extra"]
[Source "ChessBase"]
[SourceDate "2021.09.30"]
[SourceVersion "1"]
[SourceVersionDate "2021.09.30"]
[SourceQuality "1"]
[WhiteTeam "Tomelloso"]
[BlackTeam "Sevilla Casa del Ajedrez"]
[WhiteTeamCountry "ESP"]
[BlackTeamCountry "ESP"]

1. e4 e5 2. Nf3 Nc6 3. d4 exd4 4. Nxd4 Nf6 5. Nxc6 bxc6 6. e5 Qe7 7. Qe2 Nd5 8. g3 g6 9. c4 Nb6 10. b3 Bg7 11. f4 d6 12. Bg2 Bb7 13. Ba3 Nd7 14. Nc3 Qe6 15. Nb5 cxb5 16. Bxb7 Rb8 17. Bd5 Qe7 18. cxb5 0-0 19. Rc1 Nb6 20. Bc6 Rfd8 21. exd6 Qxe2+ 22. Kxe2 cxd6 23. Rhd1 d5 24. Rd3 d4 25. Rcd1 Nd5 26. Bxd5 Rxd5 27. Bb2 Rdxb5 28. Bxd4 Bxd4 29. Rxd4 Kg7 30. Rd7 Ra5 31. R1d2 h5 32. Kd3 Rc8 33. Re2 Rc1 34. Rb7 Rd5+ 35. Ke4 Ra5 36. Kd4 a6 37. h3 Rg1 38. Ree7 Rf5 39. Re3 Rh1 40. h4 Rc1 41. a4 Rc6 42. b4 Rc1 43. Rb6 a5 44. Rb5 Ra1 45. Rxf5 gxf5 46. b5 Rxa4+ 47. Kc5 Ra1 48. b6 a4 49. b7 Rb1 50. Kc6 Kf6 51. Kc7 Rc1+ 52. Kb6 Rb1+ 53. Ka7 1-0

[Event "Platja d'Aro op 8th"]
[Site "Platja d'Aro"]
[Date "2021.06.26"]
[Round "2"]
[White "Escribano Rodriguez, Pedro"]
[Black "Ros Alonso, Joana"]
[Result "1/2-1/2"]
[WhiteElo "1795"]
[BlackElo "1994"]
[PlyCount "53"]
[EventDate "2021.06.25"]
[EventType "swiss"]
[EventRounds "9"]
[EventCountry "ESP"]
[SourceTitle "CBM 203 Extra"]
[Source "ChessBase"]
[SourceDate "2021.09.30"]
[SourceVersion "1"]
[SourceVersionDate "2021.09.30"]
[SourceQuality "1"]

1. Nf3 Nf6 2. c4 g6 3. Nc3 d5 4. cxd5 Nxd5 5. h4 h5 6. Qb3 Nb6 7. d4 Be6 8. Qa3 Nc6 9. e4 Nxd4 10. Nxd4 Qxd4 11. Be3 Qd8 12. Rd1 Qc8 13. Bd4 f6 14. Bd3 Kf7 15. b3 Nd7 16. Nd5 Bg4 17. f3 e6 18. Qb2 exd5 19. fxg4 Bb4+ 20. Ke2 c5 21. Rc1 dxe4 22. Bc4+ Ke7 23. Bxf6+ Kd6 24. Rhd1+ Kc7 25. Be6 Rh7 26. Be5+ Kd8 27. Bf6+ 1/2-1/2

[Event "Wch FIDE Online U18 Girls Europe qual"]
[Site "Tornelo INT"]
[Date "2020.12.08"]
[Round "5"]
[White "Ros Alonso, Joana"]
[Black "Bucur, Denisa Andreea"]
[Result "1-0"]
[WhiteElo "1875"]
[BlackElo "1756"]
[PlyCount "125"]
[EventDate "2020.12.07"]
[EventType "swiss (rapid)"]
[EventRounds "7"]
[EventCountry "ISS"]
[SourceTitle "EXT 2022"]
[Source "ChessBase"]
[SourceDate "2021.10.06"]
[SourceVersion "1"]
[SourceVersionDate "2021.10.06"]
[SourceQuality "1"]

1. e4 c5 2. Nf3 e6 3. g3 Nc6 4. Bg2 g6 5. d4 cxd4 6. Nxd4 Bg7 7. Nb5 Qa5+ 8. N1c3 Bxc3+ 9. Nxc3 Nge7 10. Bh6 d5 11. exd5 Nxd5 12. Bxd5 exd5 13. Qxd5 Be6 14. Qxa5 Nxa5 15. 0-0-0 Ke7 16. Rhe1 f6 17. Nd5+ Kf7 18. Nc7 Bf5 19. Nxa8 Rxa8 20. h4 Rc8 21. Rd2 Nc4 22. Rde2 Ne5 23. Bf4 Nd3+ 24. Kd1 Nxe1 25. Kxe1 Bxc2 26. Rd2 Bf5 27. f3 h5 28. Kf2 Be6 29. a3 Bf5 30. Kg2 b6 31. Kf2 Rc2 32. Ke3 Rxd2 33. Kxd2 Ke6 34. Kc3 Kd5 35. a4 Bd7 36. b3 a6 37. Be3 b5 38. Kb4 bxa4 39. bxa4 Bc6 40. Ka5 Bb7 41. Kb6 Bc8 42. Kc7 Be6 43. Kb7 a5 44. Kb6 Bd7 45. Kxa5 Kc4 46. Bb6 Bc8 47. Bd8 f5 48. Kb6 Be6 49. a5 Bd7 50. a6 Be6 51. a7 Bd5 52. f4 Kd4 53. Kc7 Ke4 54. Kb8 Kf3 55. Bg5 Kxg3 56. a8Q Bxa8 57. Kxa8 Kf3 58. Kb7 Ke4 59. Kc6 Kd4 60. Kd6 Ke4 61. Ke6 Kd4 62. Kf6 Ke4 63. Kxg6 1-0

[Event "ESP-ch U18"]
[Site "Salobrena"]
[Date "2020.08.21"]
[Round "7"]
[White "Ros Alonso, Joana"]
[Black "Jimenez Fernandez, Rebeca"]
[Result "1-0"]
[WhiteElo "2006"]
[BlackElo "1882"]
[PlyCount "81"]
[EventDate "2020.08.17"]
[EventType "swiss"]
[EventRounds "9"]
[EventCountry "ESP"]
[SourceTitle "CBM 197 Extra"]
[Source "ChessBase"]
[SourceDate "2020.09.30"]
[SourceVersion "1"]
[SourceVersionDate "2020.09.30"]
[SourceQuality "1"]

1. e4 g6 2. d4 Bg7 3. Nc3 d6 4. h4 h5 5. Be3 a6 6. f3 b5 7. Qd2 Nd7 8. Nh3 Bb7 9. Ng5 Ngf6 10. 0-0-0 e6 11. Kb1 Qe7 12. Ne2 c5 13. dxc5 dxc5 14. Nf4 0-0 15. g4 hxg4 16. h5 gxh5 17. fxg4 Nxe4 18. Nxe4 Bxe4 19. Bg2 Bxg2 20. Qxg2 hxg4 21. Qxg4 Qf6 22. Bc1 Ne5 23. Qh3 Rfd8 24. Rdg1 Kf8 25. Nh5 Qf3 26. Rg3 Qf5 27. Qxf5 exf5 28. Nxg7 Ng6 29. Nxf5 Rd5 30. Rxg6 Rxf5 31. Rh8+ Ke7 32. Rxa8 fxg6 33. Rxa6 Kf7 34. b3 c4 35. bxc4 bxc4 36. Rc6 Rb5+ 37. Bb2 Rb4 38. a3 Ra4 39. Rf6+ Ke7 40. Rxg6 c3 41. Bxc3 1-0

[Event "Andorra op 37th"]
[Site "Escaldes"]
[Date "2019.07.27"]
[Round "1"]
[White "Cuartas, Jaime Alexander"]
[Black "Ros Alonso, Joana"]
[Result "1-0"]
[WhiteElo "2542"]
[BlackElo "2045"]
[PlyCount "67"]
[EventDate "2019.07.27"]
[EventType "swiss"]
[EventRounds "9"]
[EventCountry "AND"]
[SourceTitle "CBM 191 Extra"]
[Source "ChessBase"]
[SourceDate "2019.09.30"]
[SourceVersion "1"]
[SourceVersionDate "2019.09.30"]
[SourceQuality "1"]

1. e4 e6 2. d4 d5 3. e5 c5 4. c3 Qb6 5. Nf3 Bd7 6. a3 c4 7. Nbd2 Nc6 8. h4 Na5 9. g3 h6 10. Bh3 0-0-0 11. h5 Kb8 12. Nh4 Ne7 13. f4 Nf5 14. Nxf5 exf5 15. Qc2 g6 16. Rb1 Nb3 17. Nxb3 Ba4 18. Be3 Qxb3 19. Qxb3 Bxb3 20. Kd2 Be7 21. Rbg1 Ba4 22. hxg6 fxg6 23. g4 fxg4 24. Bxg4 h5 25. Be6 Be8 26. Rh2 a5 27. Bf2 Rf8 28. f5 g5 29. f6 Bxf6 30. exf6 Rxf6 31. Bh3 Rf3 32. Bg3+ Ka7 33. Bc7 Rd3+ 34. Ke2 1-0

[Event "Wch U16 Girls"]
[Site "Porto Carras"]
[Date "2018.10.30"]
[Round "11.21"]
[White "Aubert, Estee"]
[Black "Ros Alonso, Joana"]
[Result "0-1"]
[WhiteElo "2064"]
[BlackElo "1952"]
[PlyCount "90"]
[EventDate "2018.10.20"]
[EventType "swiss"]
[EventRounds "11"]
[EventCountry "GRE"]
[SourceTitle "CBM 187 Extra"]
[Source "ChessBase"]
[SourceDate "2018.11.04"]
[SourceVersion "1"]
[SourceVersionDate "2018.11.04"]
[SourceQuality "1"]

1. e4 e6 2. d3 d5 3. Nd2 Nf6 4. Ngf3 dxe4 5. dxe4 Bc5 6. Bc4 Nc6 7. c3 a5 8. 0-0 e5 9. Bb5 Qe7 10. Bxc6+ bxc6 11. Nc4 0-0 12. Qa4 Ba6 13. Nfxe5 Nxe4 14. Qxc6 Nxf2 15. Rxf2 Bxc4 16. Bf4 Bxf2+ 17. Kxf2 Be6 18. Kg1 Qd6 19. Qf3 Qb6+ 20. Qf2 Qxf2+ 21. Kxf2 Rab8 22. b3 a4 23. b4 g5 24. Be3 f6 25. Nd3 a3 26. Nc5 Bf5 27. Nb3 Rfe8 28. Bc5 Re4 29. Nd4 Bd7 30. Rd1 Rbe8 31. g3 Bg4 32. Rd2 Re1 33. b5 Bh3 34. Ne6 R8xe6 35. Kf3 R6e5 36. g4 Rxc5 37. Rd3 Rc1 38. c4 R5xc4 39. b6 cxb6 40. Rd8+ Kf7 41. Kf2 R4c3 42. Rb8 R1c2+ 43. Ke1 Rf3 44. Rb7+ Kg6 45. Kd1 Rxh2 0-1

[Event "Wch U16 Girls"]
[Site "Porto Carras"]
[Date "2018.10.27"]
[Round "8"]
[White "Ros Alonso, Joana"]
[Black "Kalyva, Kyriaki"]
[Result "0-1"]
[WhiteElo "1952"]
[BlackElo "1779"]
[PlyCount "76"]
[EventDate "2018.10.20"]
[EventType "swiss"]
[EventRounds "11"]
[EventCountry "GRE"]
[SourceTitle "CBM 187 Extra"]
[Source "ChessBase"]
[SourceDate "2018.11.04"]
[SourceVersion "1"]
[SourceVersionDate "2018.11.04"]
[SourceQuality "1"]

1. e4 c5 2. Nc3 Nc6 3. g3 g6 4. Bg2 Bg7 5. d3 d6 6. Be3 Nd4 7. Qd2 Qa5 8. Nf3 Nxf3+ 9. Bxf3 Rb8 10. g4 b5 11. h4 b4 12. Nd1 Nf6 13. g5 Nd7 14. Be2 Bb7 15. h5 c4 16. h6 c3 17. bxc3 Bxc3 18. Nxc3 bxc3 19. Qc1 d5 20. exd5 Bxd5 21. Rh4 0-0 22. a4 Rb2 23. d4 Qb4 24. Bf4 e5 25. dxe5 Nxe5 26. Bg3 Nc4 27. Qd1 Qb7 28. Rc1 Nd2 29. Be5 Re8 30. f4 Qb4 31. Rh3 Bc4 32. Bxc3 Qc5 33. Rg3 Ne4 34. Bd4 Qa5+ 35. Kf1 Nxg3+ 36. Kg2 Nxe2 37. Bxb2 Nxf4+ 38. Kh2 Qxg5 0-1

[Event "Wch U16 Girls"]
[Site "Porto Carras"]
[Date "2018.10.21"]
[Round "2"]
[White "Ros Alonso, Joana"]
[Black "Cervantes Landeiro, Thalia"]
[Result "1/2-1/2"]
[WhiteElo "1952"]
[BlackElo "2129"]
[PlyCount "117"]
[EventDate "2018.10.20"]
[EventType "swiss"]
[EventRounds "11"]
[EventCountry "GRE"]
[SourceTitle "CBM 187 Extra"]
[Source "ChessBase"]
[SourceDate "2018.11.04"]
[SourceVersion "1"]
[SourceVersionDate "2018.11.04"]
[SourceQuality "1"]

1. e4 e5 2. Nc3 Nc6 3. g3 Nf6 4. Bg2 Bc5 5. Nge2 d6 6. Na4 Bb6 7. Nxb6 axb6 8. d4 exd4 9. Nxd4 0-0 10. 0-0 Bd7 11. Re1 Re8 12. b3 Ng4 13. Bb2 Qf6 14. Qd2 Qg6 15. c4 Nxd4 16. Qxd4 Qh6 17. h3 Nf6 18. g4 Qg5 19. a4 Rad8 20. Qe3 Qxe3 21. Rxe3 Bc6 22. Bxf6 gxf6 23. Rae1 Re7 24. f4 Rde8 25. Kf2 Kg7 26. h4 Bd7 27. g5 fxg5 28. hxg5 Bc6 29. Kf3 Rh8 30. Bh3 h6 31. Rg1 hxg5 32. Rxg5+ Kf8 33. Bf5 Rg8 34. Rxg8+ Kxg8 35. Re2 Bd7 36. Rg2+ Kf8 37. Bxd7 Rxd7 38. Kg4 Ke7 39. Kf5 Rd8 40. Rg7 Rh8 41. e5 dxe5 42. fxe5 Rh5+ 43. Kf4 Rh4+ 44. Rg4 Rh8 45. Rg3 Ke6 46. Rg5 Rh3 47. Rg8 Rxb3 48. Re8+ Kd7 49. Rf8 Ke7 50. Rc8 c5 51. Rb8 Rb4 52. Kf5 Rxc4 53. Rxb7+ Kf8 54. Rxb6 Rxa4 55. Rc6 Rc4 56. Kf6 Rf4+ 57. Kg5 Rf1 58. Rxc5 Ke7 59. Rc6 1/2-1/2

[Event "Barbera del Valles op 41st"]
[Site "Barbera del Valles"]
[Date "2018.07.08"]
[Round "5"]
[White "Fabregas Fontanet, Antonio"]
[Black "Ros Alonso, Joana"]
[Result "1-0"]
[WhiteElo "1991"]
[BlackElo "1888"]
[PlyCount "81"]
[EventDate "2018.07.04"]
[EventType "swiss"]
[EventRounds "9"]
[EventCountry "ESP"]
[SourceTitle "CBM 185 Extra"]
[Source "ChessBase"]
[SourceDate "2018.07.29"]
[SourceVersion "1"]
[SourceVersionDate "2018.07.29"]
[SourceQuality "1"]

1. e4 e6 2. d4 d5 3. e5 c5 4. c3 Qb6 5. Nf3 Bd7 6. a4 Nc6 7. Be2 f6 8. 0-0 c4 9. Re1 0-0-0 10. Bf1 Na5 11. Nbd2 Ne7 12. Rb1 Kb8 13. b4 cxb3 14. c4 Bxa4 15. Ba3 Nf5 16. c5 Qc6 17. Bb4 Nc4 18. Nxc4 dxc4 19. Bxc4 b2 20. Qd3 b5 21. Ba2 Bxc5 22. Qc3 Nxd4 23. Nxd4 Rxd4 24. Bxc5 Rg4 25. Bxa7+ Kb7 26. Qxc6+ Kxc6 27. Bxe6 Rb4 28. Bf5 fxe5 29. g3 e4 30. Rxe4 Rb3 31. Re2 Rd8 32. Be4+ Kd6 33. Rbxb2 Rxb2 34. Rxb2 Re8 35. Bxh7 Re1+ 36. Kg2 Kd5 37. h4 Kc4 38. Rb1 Re2 39. Rc1+ Kb3 40. Bd4 Kb4 41. Bxg7 1-0

[Event "Barbera del Valles op 41st"]
[Site "Barbera del Valles"]
[Date "2018.07.07"]
[Round "4"]
[White "Ros Alonso, Joana"]
[Black "Puglia, Francesco"]
[Result "1-0"]
[WhiteElo "1888"]
[BlackElo "1865"]
[PlyCount "45"]
[EventDate "2018.07.04"]
[EventType "swiss"]
[EventRounds "9"]
[EventCountry "ESP"]
[SourceTitle "CBM 185 Extra"]
[Source "ChessBase"]
[SourceDate "2018.07.29"]
[SourceVersion "1"]
[SourceVersionDate "2018.07.29"]
[SourceQuality "1"]

1. e4 c5 2. Nc3 e6 3. g3 Nc6 4. Bg2 Nf6 5. d3 d5 6. exd5 exd5 7. Nge2 Bg4 8. 0-0 Nd4 9. f3 Nxe2+ 10. Qxe2+ Be6 11. f4 g6 12. f5 gxf5 13. Rxf5 Qe7 14. Re5 0-0-0 15. Bg5 Rg8 16. Nxd5 Rxd5 17. Bxd5 Rxg5 18. Bxe6+ fxe6 19. Rxg5 Nd5 20. Rg8 Kd7 21. Re1 Nf6 22. Rxf8 Qxf8 23. Qxe6+ 1-0

[Event "Barbera del Valles op 41st"]
[Site "Barbera del Valles"]
[Date "2018.07.05"]
[Round "2"]
[White "Ros Alonso, Joana"]
[Black "Gutierrez Anso, Jose"]
[Result "0-1"]
[WhiteElo "1888"]
[BlackElo "2087"]
[PlyCount "82"]
[EventDate "2018.07.04"]
[EventType "swiss"]
[EventRounds "9"]
[EventCountry "ESP"]
[SourceTitle "CBM 185 Extra"]
[Source "ChessBase"]
[SourceDate "2018.07.29"]
[SourceVersion "1"]
[SourceVersionDate "2018.07.29"]
[SourceQuality "1"]

1. e4 c5 2. Nc3 Nc6 3. g3 g6 4. Bg2 Bg7 5. d3 Rb8 6. Be3 d6 7. Qd2 b5 8. Nge2 b4 9. Nd1 h6 10. 0-0 Nf6 11. h3 Bd7 12. f4 Qc8 13. g4 a5 14. Ng3 a4 15. Qf2 Bxg4 16. hxg4 Nxg4 17. Qf3 Nxe3 18. Nxe3 Nd4 19. Qf2 h5 20. f5 g5 21. f6 Bxf6 22. Nd5 Rh6 23. c3 bxc3 24. bxc3 h4 25. cxd4 Bxd4 26. Ne3 Bxe3 27. Qxe3 hxg3 28. Qxg5 Rg6 29. Qh5 Qb7 30. Qh8+ Kd7 31. Qh7 Qb2 32. Qh3+ Kc7 33. e5 Qxe5 34. Rae1 Qd4+ 35. Kh1 Rh8 36. Rxe7+ Kd8 37. Rd7+ Ke8 38. Re1+ Re6 39. Rxe6+ fxe6 40. Rh7 Qa1+ 41. Bf1 Rxh7 0-1

[Event "Berlin Lichtenberger op 16th"]
[Site "Berlin"]
[Date "2017.08.26"]
[Round "8"]
[White "Ros Alonso, Joana"]
[Black "Albrecht, Rainer"]
[Result "1/2-1/2"]
[WhiteElo "1820"]
[BlackElo "2047"]
[PlyCount "43"]
[EventDate "2017.08.19"]
[EventType "swiss"]
[EventRounds "9"]
[EventCountry "GER"]
[SourceTitle "CBM 180 Extra"]
[Source "ChessBase"]
[SourceDate "2017.10.06"]
[SourceVersion "1"]
[SourceVersionDate "2017.10.06"]
[SourceQuality "1"]

1. e4 e6 2. d4 d5 3. Nd2 Nf6 4. e5 Nfd7 5. Bd3 c5 6. c3 Nc6 7. Ne2 cxd4 8. cxd4 Nb6 9. Nf3 Be7 10. 0-0 Bd7 11. a3 a5 12. Nf4 a4 13. Qc2 Rc8 14. Qb1 Na5 15. Be3 Nb3 16. Ra2 g6 17. Bxg6 hxg6 18. Nxg6 fxg6 19. Qxg6+ Kf8 20. Bh6+ Rxh6 21. Qxh6+ Kf7 22. Qh7+ 1/2-1/2